Central Library OPAC University of Rajshahi

নজরুলের গান : (Record no. 77874)

MARC details
000 -LEADER
fixed length control field 01727nam a2200277 a 4500
001 - CONTROL NUMBER
control field 77874
003 - CONTROL NUMBER IDENTIFIER
rucl marc code BD-RjUL
005 - DATE AND TIME OF LATEST TRANSACTION
control field 20211209083045.0
008 - FIXED-LENGTH DATA ELEMENTS--GENERAL INFORMATION
fixed length control field 210203s 2010bg a|||| m||| 00| 0 ben d
035 ## - SYSTEM CONTROL NUMBER
System control number (BD-RjUL)78100
040 ## - CATALOGING SOURCE
Original cataloging agency BD-RjUL
Language of cataloging ben / eng
Transcribing agency BD-RjUL
Modifying agency BD-RjUL
041 ## - LANGUAGE CODE
Language code of text/sound track or separate title ben
082 ## - DEWEY DECIMAL CLASSIFICATION NUMBER
Classification number 780.92
Author mark and year NAN 2010
Edition number 23
100 ## - MAIN ENTRY--PERSONAL NAME
Personal name নন্দী, প্রদীপ কুমার
9 (RLIN) 244354
245 10 - TITLE STATEMENT
Title নজরুলের গান :
Remainder of title সুরকার প্রসঙ্গ /
Statement of responsibility, etc. প্রদীপ কুমার নন্দী ;
Linkage তত্ত্বাবধায়ক : কৃষ্ণপদ মন্ডল
260 ## - PUBLICATION, DISTRIBUTION, ETC. (IMPRINT)
Place of publication, distribution, etc. রাজশাহী :
Name of publisher, distributor, etc. নাট্যকলা ও সঙ্গীত বিভাগ, রাজশাহী বিশ্ববিদ্যালয়,
Date of publication, distribution, etc. ২০১০
300 ## - PHYSICAL DESCRIPTION
Pagination [৬], ৩৭৮ পাতা :
Illustrations চিএ ;
Size ২৯ সেমি.
502 ## - DISSERTATION NOTE
Dissertation note থিসিস (পিএইচ. ডি.) -- নাট্যকলা ও সঙ্গীত বিভাগ, রাজশাহী বিশ্ববিদ্যালয়, ২০১০
504 ## - BIBLIOGRAPHY, ETC. NOTE
Bibliography, etc সহায়ক গ্রন্থাবলী : পাতা ৩৭৮
600 ## - SUBJECT ADDED ENTRY--PERSONAL NAME
Personal name ইসলাম, কাজী নজরুল,
Dates associated with a name --১৮৯৯ - ১৯৭৬
General subdivision জীবনী
Personal name Islam, Kazi Nazrul,
Dates associated with a name --1899 -1976
General subdivision Biography
Personal name ইসলাম, কাজী নজরুল,
Dates associated with a name --১৮৯৯ - ১৯৭৬
General subdivision গান এবং সংগীত
Personal name Islam, Kazi Nazrul,
Dates associated with a name -- 1899-1976
General subdivision Songs and music.
700 ## - ADDED ENTRY--PERSONAL NAME
Personal name মন্ডল, কৃষ্ণপদ, তত্ত্বাবধায়ক
942 ## - ADDED ENTRY ELEMENTS (KOHA)
Source of classification or shelving scheme Dewey Decimal Classification
Koha item type Theses
Holdings
Lost status Source of classification or shelving scheme Damaged status Not for loan Collection code Permanent Location Current Location Shelving location Date acquired Source of acquisition Total Checkouts Full call number Date last seen Copy number Koha item type
  Dewey Decimal Classification   Not For Loan Theses Central Library, University of Rajshahi Central Library, University of Rajshahi Documentation Section 24/03/2012 Controller of Exam. R.U   BTHE 780.92 NAN 2010 03/02/2021 C-1 Theses